000 00365nam a2200133Ia 4500
008 210430s9999 xx 000 0 und d
020 _a1022-6680
082 _a620 A2442 A
100 _aArshad Munir
245 _aAdvanced Materials foe Applied Science and Technology
_cArshad Munir
260 _aUSA
_bKreuzstrasse
_c2011
300 _a166 p
942 _cBK
_2ddc
999 _c564979
_d564979